000 00616nam a2200193 a 4500
005 20250111063756.0
008 991125s1977 mx 000 0 spa u
035 _aUPN01000052916
049 _aCG
050 4 _aHF5547
_bM5.8
100 1 _aMiguel Saad, Antonio
245 1 3 _aLa secretaria perfecta :
_bla otra magnífica mujer en la vida del ejecutivo /
_cpor Antonio Miguel Saad, Josefina L. de Miguel.
260 _aMéxico :
_bCECSA,
_c1977.
300 _a290 p.
650 4 _aOFICINAS -
_xADMINISTRACION
_922812
650 4 _aSecretarias
_95292
700 1 _aLara de Miguel, Josefina,
_ecoaut.
905 _aLibro
999 _c52916
_d52916